000 00528nam a2200193Ia 4500
005 20260629163253.0
008 260629s9999||||xx |||||||||||||| ||und||
020 _a0674961870
_qpbk
020 _a9780674961876
_qpbk
082 _a801.95
_bSAI
100 _aSaid, Edward W.
245 4 _aThe world, the text, and the critic
250 _ac. 1983
260 _aCambridge
_bHarvard University Press
_c1983
300 _avi, 327p. ; 22cm.
653 _aCriticism
653 _aLiterature--History and criticism
942 _cBK
999 _c57269
_d57269